Une tentative d’utilisation souveraine, sobre et responsable de l’IA, au service des auteurs et des publications : SophIA, chez Cairn.info (notice n° 1667863)

détails MARC
000 -LEADER
fixed length control field 01343cam a2200229 4500500
005 - DATE AND TIME OF LATEST TRANSACTION
control field 20260222003932.0
041 ## - LANGUAGE CODE
Language code of text/sound track or separate title fre
042 ## - AUTHENTICATION CODE
Authentication code dc
100 10 - MAIN ENTRY--PERSONAL NAME
Personal name de Vathaire, Jean-Baptiste
Relator term author
245 00 - TITLE STATEMENT
Title Une tentative d’utilisation souveraine, sobre et responsable de l’IA, au service des auteurs et des publications : SophIA, chez Cairn.info
260 ## - PUBLICATION, DISTRIBUTION, ETC.
Date of publication, distribution, etc. 2026.<br/>
500 ## - GENERAL NOTE
General note 88
520 ## - SUMMARY, ETC.
Summary, etc. Pour favoriser la visibilité des publications de ses auteurs, et déjouer leur captation, face à la déferlante des agents conversationnels, Cairn.info a mis en œuvre un moteur de recherche en langage naturel à base d’intelligence artificielle. Le R.A.G. SophIA, projet soutenu par le Centre national du Livre, est le premier service issu de ces efforts. Dès le printemps 2026, il sera ouvert à l’ensemble des disciplines et à tous les internautes membres des institutions souscrivant aux bouquets de publications que diffuse Cairn.info.
690 ## - LOCAL SUBJECT ADDED ENTRY--TOPICAL TERM (OCLC, RLIN)
Topical term or geographic name as entry element Cairn.info
690 ## - LOCAL SUBJECT ADDED ENTRY--TOPICAL TERM (OCLC, RLIN)
Topical term or geographic name as entry element diffusion scientifique
690 ## - LOCAL SUBJECT ADDED ENTRY--TOPICAL TERM (OCLC, RLIN)
Topical term or geographic name as entry element IA
690 ## - LOCAL SUBJECT ADDED ENTRY--TOPICAL TERM (OCLC, RLIN)
Topical term or geographic name as entry element LLM
690 ## - LOCAL SUBJECT ADDED ENTRY--TOPICAL TERM (OCLC, RLIN)
Topical term or geographic name as entry element moteur de recherche
690 ## - LOCAL SUBJECT ADDED ENTRY--TOPICAL TERM (OCLC, RLIN)
Topical term or geographic name as entry element R.A.G.
786 0# - DATA SOURCE ENTRY
Note I2D - Information, données & documents | 2 | 2 | 2026-01-21 | p. 72-79 | 2428-2111
856 41 - ELECTRONIC LOCATION AND ACCESS
Uniform Resource Identifier <a href="https://shs.cairn.info/revue-i2d-information-donnees-documents-2025-2-page-72?lang=fr&redirect-ssocas=7080">https://shs.cairn.info/revue-i2d-information-donnees-documents-2025-2-page-72?lang=fr&redirect-ssocas=7080</a>

Pas d'exemplaire disponible.

PLUDOC

PLUDOC est la plateforme unique et centralisée de gestion des bibliothèques physiques et numériques de Guinée administré par le CEDUST. Elle est la plus grande base de données de ressources documentaires pour les Étudiants, Enseignants chercheurs et Chercheurs de Guinée.

Adresse

627 919 101/664 919 101

25 boulevard du commerce
Kaloum, Conakry, Guinée

Réseaux sociaux

Powered by Netsen Group @ 2025